Trattato di diritto privato

Gespeichert in:
Bibliographische Detailangaben
1. Verfasser: Rescigno, Pietro (VerfasserIn)
Format: Buch
Sprache:Italienisch
Veröffentlicht: Turín UTET Giuridica 1997
Ausgabe:2a. ed
Schlagworte:
Tags: Tag hinzufügen
Keine Tags, Fügen Sie den ersten Tag hinzu!

MARC

LEADER 00000nam a2200000 a 4500
001 UCG6101
003 CL-VaPUC
008 110331e19970000IT |||||||||||||||||ita|d
020 |a 9788802051628v.19 t.1 
082 0 4 |a 346.45  |b RES  |2 21 
100 0 |a Rescigno, Pietro  |e author  |9 556113 
245 1 0 |a Trattato di diritto privato 
250 |a 2a. ed 
300 |a v 
942 |c BK 
945 |d 20110331 00:00:00  |a jcampos 
260 |a Turín  |b UTET Giuridica  |c 1997 
500 |a v.19 t.1: Tutela dei diritti t.1 
650 0 |a Derecho privado  |9 258243 
650 7 |a TUTELA DEL DERECHO  |2 CL-VaPUC  |9 556114 
650 0 |a Prenda  |9 254917 
650 0 |a Propiedad   |9 255268 
650 0 |a Bienes  |9 255749 
650 7 |a PACTO COMISORIO  |2 CL-VaPUC  |9 556115 
583 |a last modification  |c 20110331 00:00:00  |k Rodrigo Vera 
999 |c 344398  |d 344396 
952 |0 0  |1 0  |4 0  |6 346_450000000000000_RES_1997  |7 0  |8 A  |9 442347  |a BIBDER  |b BIBDER  |d 2019-11-22  |h v.19 t.1  |i 4762983  |o 346.45 RES 1997  |p 4762983  |r 2019-11-22  |w 2019-11-22  |y BK  |k DER